000 00631nam a2200241Ia 4500
003 OSt
005 20220912150658.0
006 a|||||r|||| 00| 0
007 ta
008 220909b |||||||| |||| 00| 0 eng d
024 _a20996
037 _cTextual
040 _aCSL
_beng
_cCSL
041 _aeng
082 _aB281N48, L7
100 _aGuiasu Silviu
245 0 _aInformation theory with applications
260 _aNew York
_b McGraw-Hill
_c1977
300 _axiii, 439p.
_ccm.
650 _aInforamtion theory
942 _hB281N48, L7
_cTEXL
_2CC
999 _c52370
_d52370